000 00373nam a2200157Ia 4500
003 OSt
005 20240217103659.0
008 170523s9999 xx 000 0 und d
020 _a978-0070992030
040 _ciimt university meerut
100 _aLYNCH- RICHARD M
245 0 _aACCOUNTING FOR MANAGEMENT
260 _bTATA MC GRAW HILL
260 _c1998
942 _2ddc
_c02
999 _c468
_d468